Soccer last names - Statistics

General Stats
  • This quiz has been taken 2,023 times
    2,013 since last reset
  • The average score is 15 of 21
Answer Stats
Hint Answer % Correct
Lionel Messi
100%
Cristiano Ronaldo
99%
Gareth Bale
91%
Karim Benzema
90%
Zinedine Zidane
90%
Zlatan Ibrahimovic
89%
Luis Suarez
89%
Mesut Ozil
88%
Thierry Henry
87%
Diego (M.) Maradona
83%
Steven Gerrard
82%
Manuel Neuer
82%
Manuel Neuer
82%
Samuel Eto'o
61%
Paul Pogba
59%
George Best
55%
Diego (C.) Costa
48%
Edson Arantes do Nascimento (you need to guess his soccer name) Pele
48%
Diego (S.) Silva
27%
Neymar Dos Santos jr.
22%
Ricardo Kaka
20%
No matching quizzes found
Score Distribution
Percent of People with Each Score
Percentile by Number Answered
Your Score History
You have not taken this quiz since the last reset